Janmandarangal/ (Record no. 21499)

000 -LEADER
fixed length control field 00361nam a22001571a 4500
020 ## - INTERNATIONAL STANDARD BOOK NUMBER
ISBN 9788124008720
082 ## - DEWEY DECIMAL CLASSIFICATION NUMBER
Classification number M3
Item number KOV/J
100 ## - MAIN ENTRY--AUTHOR NAME
Personal name Kovilan
245 ## - TITLE STATEMENT
Title Janmandarangal/
Statement of responsibility, etc by Kovilan
260 ## - PUBLICATION, DISTRIBUTION, ETC. (IMPRINT)
Place of publication Kozhikode:
Name of publisher Mulberry,
Year of publication 2000.
300 ## - PHYSICAL DESCRIPTION
Number of Pages 105p.
650 ## - SUBJECT ADDED ENTRY--TOPICAL TERM
Topical Term Novel Malayalam
650 ## - SUBJECT ADDED ENTRY--TOPICAL TERM
Topical Term Literature Malayalam
650 ## - SUBJECT ADDED ENTRY--TOPICAL TERM
Topical Term Literature
942 ## - ADDED ENTRY ELEMENTS (KOHA)
Koha item type Book
Holdings
Withdrawn status Lost status Damaged status Not for loan Permanent Location Current Location Date acquired Cost, normal purchase price Full call number Accession Number Cost, replacement price Price effective from Koha item type Shelving location
Write off     1 Sree Sankaracharya University of Sanskrit Sree Sankaracharya University of Sanskrit 08.01.2015 20.00 M3 KOV/J 012377 0.00 08.01.2015 Book  
        Sree Sankaracharya University of Sanskrit Sree Sankaracharya University of Sanskrit 08.01.2015 50.00 M3 KOV/J 025397 0.00 08.01.2015 Book  
        Sree Sankaracharya University of Sanskrit Sree Sankaracharya University of Sanskrit 08.01.2015 20.00 M3 KOV/J 007919 0.00 08.01.2015 Book Stacks
Write off     1 Sree Sankaracharya University of Sanskrit Sree Sankaracharya University of Sanskrit 08.01.2015 50.00 M3 KOV/J 040119 0.00 08.01.2015 Book  
        Sree Sankaracharya University of Sanskrit Sree Sankaracharya University of Sanskrit 08.01.2015 50.00 M3 KOV/J 039605 0.00 08.01.2015 Book Stacks
        Sree Sankaracharya University of Sanskrit Sree Sankaracharya University of Sanskrit 13.02.2020 50.00 M3 KOV/J 098748   13.02.2020 Book Stacks